Loading...
| Fine Arts - Classical Music | 5 | 14.00 | 2,560% | 500% | 340% |
| Fine Arts - Other | 8 | 15.00 | 3,025% | 338% | 400% |
| Fine Arts - Painting & Sculpture | 6 | 11.67 | 1,617% | 283% | 417% |
| History - American | 5 | 12.00 | 720% | 620% | 160% |
| History - European | 6 | 13.33 | 3,483% | 500% | 133% |
| History - Other | 4 | 12.50 | 400% | 625% | 200% |
| History - World | 4 | 12.50 | 6,075% | 0% | 450% |
| Literature - American | 7 | 15.71 | 3,971% | 314% | 357% |
| Literature - British | 7 | 14.29 | 2,071% | 386% | 414% |
| Literature - European | 4 | 17.50 | 5,350% | 225% | 375% |
| Literature - World | 6 | 13.33 | 3,017% | 283% | 433% |
| Mythology | 5 | 16.00 | 3,840% | 180% | 660% |
| Other | 6 | 16.67 | 4,650% | 550% | 233% |
| Philosophy | 2 | 5.00 | 0% | 0% | 450% |
| Religion | 7 | 12.86 | 1,157% | 600% | 371% |
| Science - Biology | 5 | 14.00 | 1,280% | 440% | 440% |
| Science - Chemistry | 5 | 16.00 | 3,240% | 520% | 400% |
| Science - Other | 7 | 12.86 | 1,157% | 371% | 471% |
| Science - Physics | 3 | 13.33 | 2,700% | 300% | 500% |
| Social Science | 6 | 16.67 | 4,650% | 267% | 583% |